مكتبة جامعة عجلون الوطنية

فهرس بحث المكتبة

المرأة والوظيفة العامة في الخليج العربي : بحوث وأوراق عمل (Record no. 16899)

MARC details
000 -LEADER
fixed length control field 01098nam a2200217Ii 4500
003 - CONTROL NUMBER IDENTIFIER
control field JO-AjNU
008 - FIXED-LENGTH DATA ELEMENTS--GENERAL INFORMATION
fixed length control field 230605s9999||||xx |||||||||||||| ||und||
017 ## - COPYRIGHT OR LEGAL DEPOSIT NUMBER
Copyright or legal deposit number 2008/7949
040 ## - CATALOGING SOURCE
Original cataloging agency JO-AjNU
Language of cataloging ara
Description conventions rda
Transcribing agency JO-AjNU
041 ## - LANGUAGE CODE
Language code of text/sound track or separate title ara
050 14 - LIBRARY OF CONGRESS CALL NUMBER
Classification number HQ1729.5 .M85 2008
100 3# - MAIN ENTRY--PERSONAL NAME
Personal name ملتقى دور المرأة العربية في التنمية المستدامة ومؤسسات المجتمع المدني (2008 : الدوحة) المنظمة العربية للتنمية الادارية,
Relator term author
9 (RLIN) 32893
245 00 - TITLE STATEMENT
Title المرأة والوظيفة العامة في الخليج العربي : بحوث وأوراق عمل
264 31 - PRODUCTION, PUBLICATION, DISTRIBUTION, MANUFACTURE, AND COPYRIGHT NOTICE
Place of production, publication, distribution, manufacture القاهرة: المنظمة العربية للتنمية الادارية، 2008
300 ## - PHYSICAL DESCRIPTION
Extent 159ص
Other physical details يحتوي ببلوغرافية من ص 158-159ص
336 ## - CONTENT TYPE
Content type term text
Content type code txt
Source rdacontent
337 ## - MEDIA TYPE
Media type term unmediated
Media type code n
Source rdamedia
338 ## - CARRIER TYPE
Carrier type term volume
Carrier type code nc
Source rdacarrier
490 0# - SERIES STATEMENT
Series statement اعمال مؤتمرات
650 #4 - SUBJECT ADDED ENTRY--TOPICAL TERM
Topical term or geographic name entry element المرأة العاملة - دول الخليج العربية - أحوال اجتماعية - مؤتمرات 
9 (RLIN) 32894
Holdings
Withdrawn status Lost status Source of classification or shelving scheme Damaged status Not for loan Home library Current library Shelving location Date acquired Total Checkouts Full call number Barcode Date last seen Price effective from Koha item type
    Library of Congress Classification     مكتبة جامعة عجلون الوطنية مكتبة جامعة عجلون الوطنية المجموعات العامة 06/06/2023   HQ1729.5 .M85 2008 A13331 06/06/2023 06/06/2023 Books